00338nam a2200097Ia 4500008004100000245007100041245003900112260000900151650003200160856004800192171211s9999 xx 000 0 und d aArchaeology of Ancient Mexico and Central America: An Encyclopedia cDavid Webster and Susan Toby Evans c2000 xEncyclopedia and Dictionary uhttp://down.ebook777.com/058/0415873991.pdf